=LDR 00000nam 2200000 4500 =001 INLIS000000000025910 =005 20130612124402 =008 ***********************************Ind** =035 ##$$0010-061300000025910 =041 ##$$a Ind =082 ##$$a 745.51 =090 ##$$a 745.51, Sar s =100 ##$$a Saraswati =245 ##$$a Seni anyaman hati batang rotan, Saraswati =260 ##$$a 1986 $b Jakarta =300 ##$$a 36 hlm, ilus, 21 cm =650 ##$$a Anyaman =850 ##$$a NBPNMAT